ბათუმის შოთა რუსთაველის სახელმწიფო უნივერსიტეტის ბიბლიოთეკა

რკინაბეტონის კონსტრუქციების გაანგარიშების მაგალითები : (ბიბ.ჩანაწერი № 39176)

000 -ლიდერი
ფიქსირებული სიგრძის საკონტროლო ველი 01445nam a2200253Ia 4500
001 - საკონტროლო ნომერი
საკონტროლო ველი 5760
003 - საკონტროლო ნომრის იდენტიფიკატორი
საკონტროლო ველი GE_BSU
005 - ბოლო ოპერაციის თარიღი და დრო
საკონტროლო ველი 20190426201047.0
008 - ფიქსირებული სიგრძის მონაცემთა ელემენტები - ზოგადი ინფორმაცია
ფიქსირებული სიგრძის საკონტროლო ველი 181216s1980||||ge |||||||||||||| ||geo||
040 ## - კატალოგიზაციის წყარო
Transcribing agency GE_BSU
041 ## - ენის კოდი
Language code of text/sound track or separate title geo
080 ## - უნივერსალური ათობითი კლასიფიკაციის ინდექსი
Universal Decimal Classification number 624.012.4(072) რ- 70
245 ## - ცნობა სათაურის შესახებ
Title რკინაბეტონის კონსტრუქციების გაანგარიშების მაგალითები :
Remainder of title მეთოდური მითითებები /
Statement of responsibility, etc შემდგ. : ლ. ავალიშვილი, რ. ძირკვაძე, ლ. კახიანი, ; რედ. ე.გიოგიძე.
264 ## - წარმოების, გამოცემის, დისტრიბუციის და სხვა ცნობები
გამოცემის, წარმოების, დისტრიბუციის... ადგილი თბილისი :
გამოცემის, წარმოების, დისტრიბუციის... სახელწოდება სპი,
გამოცემის, წარმოების, დისტრიბუციის... თარიღი 1980
300 ## - ფიზიკური აღწერა
Extent 87 გვ. :
Other physical details ნახაზები ;
Dimensions 20 სმ.
504 ## - BIBLIOGRAPHY, ETC. NOTE
Bibliography, etc ბიბლიოგრ. : გვ. 86.
653 ## - INDEX TERM--UNCONTROLLED
Uncontrolled term რკინაბეტონის კონსტრუქციების გაანგარიშების მაგალითები
653 ## - INDEX TERM--UNCONTROLLED
Uncontrolled term რკინაბეტონის კონსტრუქციები
700 ## - ADDED ENTRY--PERSONAL NAME
Personal name ავალიშვილი, ლ.
Relator term შემდგენელი
9 (RLIN) 499
700 ## - ADDED ENTRY--PERSONAL NAME
Personal name ძირკვაძე, რ.
Relator term შემდგენელი
9 (RLIN) 500
700 ## - ADDED ENTRY--PERSONAL NAME
Personal name კახიანი, ლ.
Relator term შემდგენელი
9 (RLIN) 501
700 ## - ADDED ENTRY--PERSONAL NAME
Personal name გიორგაძე, ე.
Relator term რადაქტორი
9 (RLIN) 398
942 ## - ADDED ENTRY ELEMENTS (KOHA)
Koha item type წიგნი
Source of classification or shelving scheme
ეგზემპლარები
ჩამოწერის სტატუსი დაკარგული ეგზემპლარის სტატუსი კლასიფიკაციის წყარო ან თაროზე გაწყობის სქემა დაზიანების სტატუსი არ გაიცემა მუდმივი მდებარეობა (დაცვის ადგილი) ამჟამინდელი ადგილსამყოფელი თაროზე განთავსების ადგილი შეძენის თარიღი ღირებულება, შესყიდვის ნორმალური ფასი სრული შენახვის შიფრი შტრიხკოდი ბოლო ოპერაციის თარიღი ეგზემპლარის მიმდევრობითი ნომერი (კეტერი?) ფასის ძალაში შესვლის თარიღი ეგზემპლარის სახეობა საჯარო შენიშვნა
          ბათუმის შოთა რუსთაველის სახელმწიფო უნივერსიტეტის მთავარი ბიბლიოთეკა ტექნოლოგიური ფაკულტეტის ბიბლიოთეკა წიგნსაცავი 2018-12-17 0.80 624.012.4(072) რ- 70 11481 2018-12-17 11481 2018-12-17 წიგნი 0.80 ლ.
          ბათუმის შოთა რუსთაველის სახელმწიფო უნივერსიტეტის მთავარი ბიბლიოთეკა ტექნოლოგიური ფაკულტეტის ბიბლიოთეკა წიგნსაცავი 2018-12-17 0.80 624.012.4(072) რ- 70 11482 2018-12-17 11482 2018-12-17 წიგნი 0.80 ლ.
          ბათუმის შოთა რუსთაველის სახელმწიფო უნივერსიტეტის მთავარი ბიბლიოთეკა ტექნოლოგიური ფაკულტეტის ბიბლიოთეკა წიგნსაცავი 2018-12-17 0.80 624.012.4(072) რ- 70 11483 2018-12-17 11483 2018-12-17 წიგნი 0.80 ლ.
          ბათუმის შოთა რუსთაველის სახელმწიფო უნივერსიტეტის მთავარი ბიბლიოთეკა ტექნოლოგიური ფაკულტეტის ბიბლიოთეკა წიგნსაცავი 2018-12-17 0.80 624.012.4(072) რ- 70 11484 2018-12-17 11484 2018-12-17 წიგნი 0.80 ლ.
          ბათუმის შოთა რუსთაველის სახელმწიფო უნივერსიტეტის მთავარი ბიბლიოთეკა ტექნოლოგიური ფაკულტეტის ბიბლიოთეკა წიგნსაცავი 2018-12-17 0.80 624.012.4(072) რ- 70 11485 2018-12-17 11485 2018-12-17 წიგნი 0.80 ლ.